2022年に新設/改称/廃止された駅 - Statistics

General Stats
  • This quiz has been taken 30 times
  • The average score is 10 of 20
Answer Stats
事業者 駅名 種類 % Correct
あいの風とやま鉄道 新富山口 新設
78%
JR北海道 ロイズタウン 新設
70%
新大村 新設
67%
JR九州 嬉野温泉 新設
63%
石狩当別→当別 改称
59%
大村車両基地 新設
59%
東風連→名寄高校 改称
56%
石狩太美→太美 改称
56%
肥前山口→江北 改称
56%
流山温泉 廃止
52%
名古屋臨海高速鉄道 名古屋競馬場前→港北 改称
52%
池田園 廃止
44%
銚子口 廃止
41%
本石倉 廃止
37%
石谷 廃止
33%
長良川鉄道 刃物会館前→せきてらす前 改称
33%
糸魚沢 廃止
30%
歌内 廃止
30%
矢美津 廃止
22%
JR東日本 平石 廃止
19%
No matching quizzes found
Score Distribution
Percent of People with Each Score
Percentile by Number Answered
Your Score History
You have not taken this quiz